कावळयाला लागली तहान (Record no. 31322)
[ view plain ]
| 000 -LEADER | |
|---|---|
| fixed length control field | 00471nam a2200145Ia 4500 |
| 008 - FIXED-LENGTH DATA ELEMENTS--GENERAL INFORMATION | |
| fixed length control field | 090122s9999 xx 000 0 und d |
| 082 ## - DEWEY DECIMAL CLASSIFICATION NUMBER | |
| Item number | 7245 |
| Classification number | 891.4681 |
| 100 ## - MAIN ENTRY--PERSONAL NAME | |
| Personal name | कंटक |
| Numeration | मीरा |
| 245 ## - TITLE STATEMENT | |
| Title | कावळयाला लागली तहान |
| 600 ## - SUBJECT ADDED ENTRY--PERSONAL NAME | |
| Personal name | कंटक |
| 630 ## - SUBJECT ADDED ENTRY--UNIFORM TITLE | |
| Uniform title | कावळयाला लागली तहान |
| 700 ## - ADDED ENTRY--PERSONAL NAME | |
| Personal name | कंटक |
| 730 ## - ADDED ENTRY--UNIFORM TITLE | |
| Uniform title | कावळयाला लागली तहान |
| 942 ## - ADDED ENTRY ELEMENTS (KOHA) | |
| Koha item type | Book |
| Withdrawn status | Lost status | Damaged status | Not for loan | Home library | Current library | Date acquired | Total Checkouts | Full call number | Barcode | Date last seen | Copy number | Price effective from | Koha item type |
|---|---|---|---|---|---|---|---|---|---|---|---|---|---|
| Dombivali Granthasangrahalaya, Dombivali | Dombivali Granthasangrahalaya, Dombivali | 01/22/2009 | 7245 | DOM-7245 | 01/22/2009 | 1 | 01/22/2009 | Book |